[Event "Biel"]
[Site "Biel"]
[Date "1994.??.??"]
[Round "5"]
[White "Gallagher, Joseph G"]
[Black "Hoffman, Alejandro"]
[Result "1-0"]
[WhiteElo "2470"]
[BlackElo "2500"]
[Annotator "Stohl,I"]
[PlyCount "85"]
[EventDate "1994.07.??"]
[EventType "tourn"]
[EventRounds "11"]
[EventCountry "SUI"]
[EventCategory "10"]
[SourceTitle "CBM 043"]
[Source "ChessBase"]
[SourceDate "1994.12.01"]
[SourceVersion "1"]
[SourceVersionDate "1994.12.01"]
[SourceQuality "1"]

1. e4 d6 2. d4 Nf6 3. Nc3 e5 4. f4 $146 (4. Nf3 $142 $14) (4. dxe5 dxe5 5.
Qxd8+ Kxd8 6. Bc4 Be6 7. Bxe6 fxe6 8. f3 Bd6 9. Be3 Ke7 10. Nge2 a6 11. Nd1 Nc6
12. Nf2 Nb4 13. Kd2 Rhd8 14. Kc1 a5 15. c3 Na6 16. a4 Bc5 17. Bxc5+ Nxc5 18.
Kc2 Ra6 19. Rhd1 Rad6 $10 {Kalinichev,S-Fedorov,V/2.BLN 9394/1994/}) (4. Nge2
Nc6 5. f3 exd4 6. Nxd4 Be7 7. Bc4 O-O 8. O-O Re8 9. Kh1 Bf8 10. Bg5 Ne5 11. Bb3
h6 12. Bh4 Ng6 13. Bf2 Bd7 14. a4 c6 15. Qd2 Qc7 16. Rad1 a6 17. g4 b5 18. Nf5
Ne5 19. Bh4 Bxf5 20. gxf5 Nh7 21. Qg2 Kh8 22. Rg1 $36 {Magem,J-Franco,Z/Leon/
1992/}) 4... Bg4 $5 (4... exd4 5. Qxd4 Nc6 6. Qd2 (6. Bb5 Bd7 $132) 6... Be7 7.
b3 a5 8. Bb5 $6 O-O 9. Bb2 Nb4 10. O-O-O c6 11. Be2 Qc7 12. a3 Na6 13. Bf3 Rd8
14. h3 b5 15. g4 b4 16. axb4 axb4 17. Na4 d5 18. e5 Ne4 19. Qg2 Bb7 20. c4 bxc3
21. Nxc3 Nxc3 22. Bxc3 Qb6 23. Qb2 Nb4 $40 {Amidzhic,O-Shabanov,Y/Krasnodar/
1991/}) 5. Be2 exd4 6. Qxd4 Bxe2 (6... Nc6 7. Qf2 Bxe2 8. Ngxe2 g6 $5 $10) 7.
Ngxe2 Be7 $6 (7... g6 $142) 8. Be3 O-O 9. O-O Re8 10. Kh1 Bf8 11. Rae1 Nc6 12.
Qd3 $14 {()[+]} Nb4 13. Qd2 a5 (13... Nxe4 $2 14. Nxe4 Rxe4 15. Ng3 Rxe3 (15...
Rc4 16. b3 $16) 16. Rxe3 $16) 14. a3 Na6 15. Ng3 c6 (15... g6 16. f5 $5 $36)
16. Qd1 b5 (16... Nd7 $5 17. Qf3 Nac5 $14) 17. Qf3 d5 $6 18. e5 {|^>>} Nd7 19.
Nce2 Qc7 20. Nd4 Rab8 21. Qg4 (21. c3 b4 $132) 21... c5 22. Nf3 $1 (22. Ndf5
Rb6 $13) 22... Qc6 (22... d4 23. Bc1 {/\Ne4,f5!}) (22... g6 $5 23. h4 $36) 23.
Nh5 Rb7 (23... g6 $4 24. Qxd7 $1 $18) 24. f5 $1 $40 {/\Ng7!} Nxe5 $8 25. Nxe5
Rxe5 26. Nxg7 $1 Re4 (26... Bxg7 27. f6 $18) 27. Qg3 Bd6 28. Qh3 Be5 (28...
Kxg7 $2 29. Qh6+ Kg8 30. Qg5+ Kh8 (30... Kf8 31. Qd8+ Kg7 32. f6+ Kg6 33. Qg8+
$18) 31. Qf6+ Kg8 32. Bh6 $18) 29. f6 $1 Bxf6 30. Nh5 Bxb2 (30... Bh8 31. Bg5
$40) 31. Bg5 Qe6 (31... Rxe1 32. Rxe1 Rb8 33. Qg3 Qg6 (33... Kh8 34. c3 $18)
34. Qxb8+ $1 $18) 32. Qg3 Kf8 (32... Qg6 33. Rxe4 dxe4 34. Nf6+ Kh8 (34... Bxf6
35. Rxf6 Qg7 36. Rxa6 $1 Qa1+ 37. Bc1+ $18) 35. c3 $1 {/\Qe5+-}) 33. Rxe4 dxe4
34. Bf6 Bxf6 $8 35. Rxf6 Qe8 (35... Qd5 36. Rd6 $1 Qxh5 37. Rd8+ Ke7 38. Qd6#)
36. Qg7+ Ke7 37. Rxa6 $18 e3 38. Qf6+ Kf8 39. Qh8+ Ke7 40. Qe5+ Kf8 41. Qxc5+ (
41. Ra8 $1 Qxa8 42. Qh8+ Ke7 43. Qxa8 Rd7 44. Qe4+) 41... Re7 $8 42. Nf4 Qd7 (
42... e2 43. Nxe2 $18) 43. Ra8+ (43. Ra8+ Kg7 44. Qg5#) 1-0

[Event "Santa Clara"]
[Site "Santa Clara"]
[Date "1991.??.??"]
[Round "4"]
[White "Arencibia Rodriguez, Walter"]
[Black "Nogueiras Santiago, Jesus"]
[Result "0-1"]
[WhiteElo "2560"]
[BlackElo "2535"]
[Annotator "Stohl,I"]
[PlyCount "60"]
[EventDate "1991.02.??"]
[EventType "tourn"]
[EventRounds "13"]
[EventCountry "CUB"]
[EventCategory "9"]
[SourceTitle "CBM 026"]
[Source "ChessBase"]
[SourceDate "1992.02.01"]
[SourceVersion "1"]
[SourceVersionDate "1992.02.01"]
[SourceQuality "1"]

1. e4 d6 2. d4 g6 3. Nc3 Bg7 4. Be3 c6 5. Qd2 b5 (5... Nd7 6. h4 h5 7. Nh3 Ngf6
8. f3 b5 9. O-O-O b4 10. Ne2 Qa5 11. Kb1 Ba6 12. Nc1 Bxf1 13. Rhxf1 Qb5 14. Qd3
Rb8 15. Nf2 c5 16. dxc5 Nxc5 17. Qxb5+ Rxb5 18. Nfd3 Nxd3 19. cxd3 a5 $10 {
Adams,M-Schlosser,M,Prestwich 1990-CBM 18}) 6. a4 {N} (6. a3 a6 (6... Nf6 $142
$5) 7. f4 Nd7 8. Nf3 Nb6 9. Bd3 Nf6 10. h3 Qc7 11. O-O Bb7 12. Qf2 Na4 13. Nxa4
bxa4 14. Rae1 Nd7 15. f5 $16 {~/=,Landenbergue,C-Hort,V,Biel Mixed 1991-CBM 25}
) (6. f3 Nd7 7. h4 h5 8. Nh3 Nb6 (8... Ngf6 $142 {-5... d7}) 9. Ng5 Rb8 10. Nd1
d5 $6 11. Bf4 Rb7 12. e5 Nh6 13. Bd3 Nf5 14. Bxf5 Bxf5 15. Ne3 Nc4 16. Nxf5 $3
Nxd2 17. Nxg7+ Kd7 18. e6+ $1 Kc8 19. exf7 $16 {Ashley,M-Weeramantry,S,New
York op 1991-CBM 23}) (6. Bd3 Nd7 7. Nf3 a6 $6 8. O-O e5 9. a4 b4 10. Ne2 a5
11. c3 bxc3 12. Qxc3 Ne7 13. dxe5 dxe5 14. Bc4 O-O 15. Rfd1 Qe8 16. b4 axb4 17.
Qxb4 $14 {Szalanczi,E-Petursson,M,Wien op 1990-CBM 21}) 6... b4 7. Nd1 Nf6 8.
f3 (8. Bd3 a5 $13 {P g4}) 8... Qa5 9. Ne2 (9. c3 $5 bxc3 $8 10. Qxc3 Qc7 11.
Bd3 O-O 12. Ne2 $14) 9... Nbd7 10. Bh6 $6 (10. Ng3 $142 $13) 10... Bxh6 11.
Qxh6 c5 12. Qd2 (12. d5 Ne5 $36) 12... Ba6 13. Ne3 O-O $15 14. d5 (14. dxc5
Nxc5 15. Nd4 Bxf1 16. Kxf1 Rfc8 $36) 14... Ne5 15. Nf4 (15. Ng3 $142 $5 Bxf1
16. Rxf1 $15 {Pf4, f2-g1}) 15... Bxf1 16. Rxf1 c4 {Pc3~/=} 17. Qd4 Qb6 $1 18.
Ne2 (18. Rd1 $2 Nd3+ $17) (18. Qxb6 axb6 $17 {[+]<->a4}) 18... Rfc8 19. a5 Qc7
20. h3 $6 (20. Kf2 b3 21. Kg1 bxc2 $36) 20... b3 $1 $17 {~/=} 21. cxb3 (21. Kf2
$142 $5) 21... Nd3+ 22. Kd2 Nc5 $1 $19 23. Qxc4 $8 Qb8 {P b3, ce4} 24. Nd4
Ncxe4+ 25. fxe4 Rxc4 26. bxc4 (26. Nxc4 Nxe4+ $19) 26... Nxe4+ $2 (26... Qxb2+
$142 27. Kd3 Nd7 $19) 27. Kd3 Nc5+ 28. Kc3 Qb7 29. Rae1 $2 (29. b4 $5 $8 Ne4+
30. Kd3 f5 $17) 29... Rb8 $19 30. Re2 Qb4+ (30... Qb4+ 31. Kc2 Qxb2+ $19 {
[Stohl,I]}) 0-1

[Event "Interzonal-16"]
[Site "Biel"]
[Date "1993.??.??"]
[Round "4"]
[White "Barua, Dibyendu"]
[Black "Nikolic, Predrag"]
[Result "1-0"]
[WhiteElo "2510"]
[BlackElo "2625"]
[Annotator "Stohl,I"]
[PlyCount "69"]
[EventDate "1993.07.16"]
[EventType "swiss"]
[EventRounds "13"]
[EventCountry "SUI"]
[SourceTitle "CBM 037"]
[Source "ChessBase"]
[SourceDate "1993.12.01"]
[SourceVersion "1"]
[SourceVersionDate "1993.12.01"]
[SourceQuality "1"]

1. e4 d6 2. d4 Nf6 3. Nc3 g6 4. Be2 Bg7 5. h4 $5 h5 (5... c5 6. dxc5 (6. d5 $6
h5 7. Nf3 Na6 8. a4 Nc7 9. Bf4 O-O 10. Qd2 Re8 11. O-O Bg4 12. Rfe1 a6 13. Bf1
Bxf3 14. gxf3 e6 15. Bg5 exd5 16. exd5 Qd7 17. a5 Nh7 $15 {Doljanin-Plachetka/
Stara Pazova/1988/}) 6... Qa5 7. Kf1 (7. Qd3 Qxc5 8. Be3 Qa5 9. h5 Nxh5 $1 10.
Qb5+ (10. Bxh5 Bxc3+ 11. bxc3 gxh5 $13) 10... Qxb5 11. Nxb5 Na6 12. Bxh5 gxh5
13. O-O-O f5 14. exf5 Bxf5 15. Rxd6 Bxc2 $1 16. Rd2 Bg6 17. Rh4 O-O $17 {
Benjamin,J-Chernin,A/Buenos Aires/1992/}) 7... Qxc5 8. h5 Nxh5 9. Nd5 $5 {N}
Nf6 10. b4 Qc6 11. a4 Nxd5 $5 12. Bb5 Nc3 13. Bxc6+ Nxc6 14. Qf3 Be6 15. Bd2
Bc4+ 16. Ke1 Nxe4 17. Ra3 Nxd2 18. Kxd2 Be6 19. Ne2 O-O $40 {~/=,Bach,
A-Hodgson,J/Bad Worishofen/1993/}) (5... Nc6 $5 6. h5 gxh5 7. Be3 Ng4 8. Rxh5
Nxe3 9. fxe3 Bd7 10. Bg4 e6 11. Qf3 Qe7 12. O-O-O O-O-O 13. Nge2 h6 14. Nf4
Rdg8 15. Rf1 Bf8 $15 {Masternak,G-Gipslis,A/Katowice/1993/}) 6. Nf3 O-O (6...
Na6 7. Ng5 c6 8. f3 b5 9. Be3 b4 10. Nb1 Nc7 11. c4 bxc3 12. Nxc3 Rb8 13. Qd2
Ba6 14. Rc1 Qc8 15. O-O Nd7 16. Na4 Bb5 17. Bxb5 Nxb5 18. Rc4 Nb6 19. Nxb6 axb6
$10 {Lupu,S-Gourmelen,M/Capelle op/1993/}) 7. Ng5 $5 (7. Bg5 c6 8. O-O Qc7 9.
a4 Nbd7 10. a5 e5 11. Bc4 exd4 12. Nxd4 Nxe4 $6 13. Nxe4 d5 14. Bxd5 cxd5 15.
Nc3 Qc4 16. Ra4 $36 {Mortensen,E-Gurevich,D/Reykjavik tt/1990/}) 7... c6 8. a4
Ng4 (8... Nbd7 {/\e5,c5<=>}) 9. f3 Nh6 10. Be3 (10. g4 hxg4 11. fxg4 Qb6 $36)
10... d5 11. Qd2 (11. g4 $5 $13 {->>>}) 11... dxe4 12. Ncxe4 (12. fxe4 Ng4 13.
Bxg4 Bxg4 $15) 12... Nf5 13. O-O-O Nxe3 14. Qxe3 $13 Nd7 (14... Qa5 15. Qb3 $5
{/\Bc4|^}) 15. g4 Nf6 16. gxh5 (16. Nxf6+ $6 exf6 17. Ne4 f5 $36) 16... Nxh5
17. f4 Qa5 (17... Nf6 18. h5 $40) 18. Bxh5 gxh5 19. Ng3 (19. Qf3 Qxa4 20. Qxh5
Bf5 $40) (19. Qb3 Qd5 20. Qd3 {/\Nf6+-} Bf5 $15 {^^}) 19... Bf5 (19... Qxa4 $2
20. Qd3 $1 f5 21. Nxh5 $40) 20. Nxf5 (20. Nxh5 Qxa4 21. Qc3 Bxd4 $5 22. Rxd4
Qa1+ 23. Kd2 Qxh1 $13) 20... Qxf5 21. Rhg1 Kh8 22. Kb1 Rad8 23. Qe2 Rd5 24.
Qxh5+ Kg8 25. Qf3 Rfd8 26. h5 Kf8 27. Qa3 Ke8 28. Rh1 Bxd4 29. h6 Bxb2 30. Rxd5
Qxd5 31. Kxb2 Qxh1 32. h7 Qh6 33. Qb3 Qf6+ 34. Ka2 Rd4 35. Qxf7+ 1-0

[Event "Budapest zt-B"]
[Site "Budapest"]
[Date "1993.??.??"]
[Round "5"]
[White "Gazik, Igor"]
[Black "Chernin, Alexander"]
[Result "0-1"]
[WhiteElo "2425"]
[BlackElo "2600"]
[Annotator "Stohl,I"]
[PlyCount "82"]
[EventDate "1993.03.??"]
[EventType "tourn"]
[EventRounds "11"]
[EventCountry "HUN"]
[EventCategory "9"]
[SourceTitle "CBM 034"]
[Source "ChessBase"]
[SourceDate "1993.06.01"]
[SourceVersion "1"]
[SourceVersionDate "1993.06.01"]
[SourceQuality "1"]

1. e4 d6 2. d4 Nf6 3. Nc3 g6 4. Be3 c6 5. Qd2 b5 (5... Nbd7 6. Bd3 (6. Nf3 Qa5
$5 7. Bd3 e5 8. h3 Bg7 9. O-O O-O 10. a4 Re8 11. Rfd1 Qc7 12. a5 exd4 13. Bxd4
Nc5 14. e5 Nfd7 15. exd6 Qxd6 16. Bf1 Nf8 17. Bxg7 Qxd2 18. Nxd2 Kxg7 19. b4
Nce6 20. Nc4 $36 {_|_()<<,Nunn,J-Azmaiparashvili,Z,Wijk aan Zee m 1993-CBM 34})
6... e5 $5 7. f3 Bg7 8. Nge2 O-O 9. O-O Re8 10. Kh1 b5 11. a4 b4 12. Nd1 a5 13.
c3 Rb8 14. Nf2 d5 15. Rad1 Qc7 16. Qc1 bxc3 17. bxc3 Bb7 18. Bh6 c5 $10 {
Lau,R-Schmidt,P,Munich op 1992/93}) 6. f3 Nbd7 7. g4 Nb6 (7... Bb7 8. h4 h5 9.
g5 Nh7 10. f4 Bg7 11. f5 b4 12. Nce2 c5 13. Ng3 Qb6 14. N1e2 cxd4 15. Nxd4 Be5
16. Rh3 a5 17. O-O-O Nhf8 18. f6 Nc5 19. fxe7 Nfe6 20. Nf3 $36 {Yudasin,
L-Popchev,M,Moscow GMA-op 1989-TD 89_02}) 8. b3 (8. g5 Nh5 9. Bd3 e5 10. Nge2
Bg7 11. dxe5 dxe5 12. a4 b4 13. Nd1 a5 14. c3 b3 15. c4 Be6 16. Qc3 O-O 17.
Qxb3 Nd7 18. Qc2 Qe7 $44 {Xie Jun-Torre,E,Shenzhen 1992-CBM 31}) (8. h4 h5 9.
g5 Nfd7 10. d5 Ne5 $5 (10... cxd5 11. Bxb6 $1 Nxb6 12. Bxb5+ Bd7 13. Bxd7+ Qxd7
14. Nxd5 Bg7 15. Nxb6 axb6 16. c3 O-O 17. Ne2 Ra5 18. Nf4 e6 19. O-O $14 {
Xie Jun-Antonio,R,Shenzhen 1992-CBM 31}) 11. Bd4 Bg7 12. dxc6 O-O 13. Bxb5 a6
14. Be2 Nec4 15. Bxc4 Nxc4 16. Qf2 e5 17. Be3 Nxb2 18. Bb6 Qe8 19. Nd5 Be6 $36
{Canfell,G-West,G,Sydney AUS op 1992-TD 92_10}) 8... Bb7 $5 (8... Qc7 9. g5 Nh5
10. Nge2 b4 11. Nd1 a5 12. a3 bxa3 13. Rxa3 a4 14. Ng3 axb3 15. Rxb3 Bg7 $5 16.
Nxh5 gxh5 17. Bd3 O-O 18. O-O Bh3 19. Re1 Rfb8 $132 {Prasad,D-McNab,C,Kuala
Lumpur op 1992-EXP 31}) 9. h4 h5 $8 (9... Bg7 $6 10. h5 $36) 10. g5 Nfd7 11. f4
Bg7 12. f5 O-O 13. Bh3 (13. Bg2 $142 $5 b4 14. Nce2 c5 $13 {<=>}) 13... c5 $1
$36 {><e4} 14. fxg6 $6 (14. Bg2 $5 b4 15. Nce2 {/\} gxf5 16. Ng3 $44) 14...
fxg6 15. Nge2 b4 16. Nd5 $8 Nxd5 17. Be6+ Kh7 18. exd5 (18. Bxd5 Bxd5 19. exd5
Nb6 20. c4 bxc3 21. Nxc3 Rf5 $17) 18... Nb6 19. c4 (19. Nf4 Rxf4 $1 20. Bxf4
Bxd4 21. O-O-O Bxd5 22. Bxd5 Nxd5 $17) 19... bxc3 20. Nxc3 Bc8 $1 21. O-O-O (
21. dxc5 Bxe6 22. dxe6 (22. cxb6 Bxc3 23. Qxc3 Bxd5 $17) 22... dxc5 23. O-O-O (
23. Qxd8 Raxd8 $17) 23... Qc8 {-21.0-0-0}) 21... Bxe6 22. dxe6 Qc8 $1 $40 23.
dxc5 (23. d5 Rf5 $17 {/\} 24. Rhf1 Bxc3 25. Qxc3 Nxd5) 23... dxc5 24. Rhe1 Rf5
25. Bg1 (25. Ne4 c4 $17) 25... Qa6 {/\Qa3,Nc4} 26. Re4 Raf8 27. Kb1 (27. Na4
Rf1 $1 $19) 27... Qb7 {/\Bc3-+} 28. Re2 Nc4 $19 {->} 29. Qd7 (29. Qd3 Rf3 30.
Qxc4 Rxc3 31. Qd5 Qxd5 32. Rxd5 Rf1+ $19) 29... Na3+ 30. Kc1 Qb4 31. Na4 c4 32.
Re4 (32. Bd4 cxb3 33. Bxg7 Kxg7 34. axb3 Qxb3 35. Qxe7+ Kh8 $19) 32... Rf3 33.
Bc5 Rc3+ $1 34. Kd2 $8 (34. Nxc3 Qxc3#) 34... Rc2+ 35. Ke3 Qb8 (35... Rff2 $1
36. Bxb4 Rce2#) 36. Rd6 Rcf2 {/\R8f3#} 37. Re5 $138 Nc2+ 38. Ke4 R8f4+ 39. Kd5
Qa8+ 40. Rc6 Rd2+ 41. Bd4 Rfxd4+ 0-1

[Event "Budapest zt-B"]
[Site "Budapest"]
[Date "1993.??.??"]
[Round "1"]
[White "Topalov, Veselin"]
[Black "Gazik, Igor"]
[Result "1-0"]
[WhiteElo "2635"]
[BlackElo "2425"]
[Annotator "Stohl,I"]
[PlyCount "61"]
[EventDate "1993.03.??"]
[EventType "tourn"]
[EventRounds "11"]
[EventCountry "HUN"]
[EventCategory "9"]
[SourceTitle "CBM 034"]
[Source "ChessBase"]
[SourceDate "1993.06.01"]
[SourceVersion "1"]
[SourceVersionDate "1993.06.01"]
[SourceQuality "1"]

1. e4 g6 2. d4 Bg7 3. Nc3 d6 4. Be3 Nd7 (4... a6 5. Qd2 b5 6. f3 Bb7 7. h4 h5
8. Nh3 Nd7 9. Ng5 Ngf6 10. a4 b4 11. Ne2 a5 12. c3 bxc3 13. bxc3 O-O 14. Nc1 c6
$6 15. Nd3 $14 {(),Gazik,I-Sznapik,A,Budapest zt-B 1993-CBM 34}) 5. h4 $5 (5.
f4 e5 6. Nf3 exd4 7. Bxd4 Ngf6 8. e5 dxe5 9. fxe5 Nh5 10. Be3 Nxe5 11. Qxd8+
Kxd8 12. Bg5+ Ke8 13. O-O-O (13. Nb5 Nxf3+ 14. gxf3 Be5 $13) 13... Bg4 14. Nxe5
Bxe5 15. Re1 f6 16. Bxf6 Nxf6 17. Rxe5+ Kf8 $10 {Marciano,D-Hauchard,A,
Bucharest 1993-CBM 34}) (5. Qd2 a6 6. h4 h5 (6... Ngf6 $5 $13) 7. Nh3 Ndf6 $1
8. f3 Bxh3 9. Rxh3 e6 10. Rh1 Ne7 11. Rg1 d5 12. Be2 b5 13. a3 c6 14. O-O-O a5
15. e5 Nd7 $132 {Ernst,T-Wessman,R,Gausdal Arnold-Cup 1990-TD 90_05}) 5... Ngf6
(5... h5 6. Nh3 c5 $6 7. dxc5 dxc5 (7... Nxc5 $142) 8. Qd2 a6 9. Bc4 e6 10. Ng5
Qb6 11. O-O-O Ngf6 12. Na4 Qb4 $8 13. Qxb4 cxb4 14. Nb6 Nxb6 15. Bxb6 Nd7 16.
Bc7 $16 {Wisnes,R-Svela,A,Gausdal Int 1990-TD 90_05}) 6. f3 e5 $5 (6... c5 7.
dxc5 Nxc5 8. e5 $1 $36) 7. Qd2 (7. d5 $14 {()}) 7... O-O 8. O-O-O (8. g4 $5 $13
) 8... h5 $8 9. Nge2 c6 10. Bh6 b5 11. Bxg7 Kxg7 12. Ng3 Rb8 $6 (12... Ne8 $5
$13 {/\Nc7,Qe7}) (12... Qe7 13. Qg5 $1 $36 {/\Nf5,Nh5}) 13. Be2 b4 14. Na4 Qa5
15. dxe5 $1 {><c4} dxe5 $8 (15... Nxe5 16. Qxd6 $16) 16. b3 Nb6 17. Qg5 Rh8 (
17... Nxa4 18. Rd6 $1 Ne8 (18... Be6 19. Nf5+ $18) 19. Nxh5+ Kh7 (19... Kg8 20.
Rxg6+ fxg6 21. Qxg6+ Kh8 22. Qh6+ Kg8 23. Bc4+ $18) 20. Nf6+ $1 Nxf6 21. h5 Nc3
(21... Nxh5 22. Rxh5+ gxh5 23. Rh6#) 22. hxg6+ Kg8 23. Qxf6 Qa3+ 24. Kd2 $18) (
17... Be6 18. Rd6 $40 {/\Nf5}) 18. Nb2 $1 (18. Rd6 $6 Ne8 $13) 18... Qxa2 (
18... Be6 $5 19. Rd6 (19. Kb1 $5 $36) 19... Ne8 20. Rxe6 fxe6 21. Qe7+ Kh6 22.
Qxe6 $44) 19. Rd6 Be6 $8 20. Nf5+ Bxf5 21. Qxf6+ Kg8 22. exf5 Qa1+ 23. Kd2 Qxb2
(23... Qxh1 24. fxg6 fxg6 25. Qxg6+ Kf8 26. Rf6+ Ke7 27. Rf7+ Kd8 28. Qd6+ $18)
24. Bd3 $1 (24. fxg6 Qc3+ 25. Kd1 Qa1+ $10) 24... Nd5 (24... gxf5 25. Qxf5 $16)
(24... Qc3+ 25. Ke2 e4 $8 26. Qxc3 bxc3 27. Bxe4 $18 {ק_|_}) 25. Rxd5 $1 cxd5
26. fxg6 $18 Qc3+ (26... Rb7 27. Rh3 $1 fxg6 28. Qxg6+ Kf8 29. Qf6+ Kg8 30.
Rg3+ $18) 27. Ke2 Qc7 28. Rh3 $1 (28. g7 Rh7 29. Bxh7+ Kxh7 $132) 28... fxg6 (
28... Rb6 29. gxf7+ Qxf7 30. Rg3+ $18) 29. Rg3 Rh7 (29... Rh6 30. Bxg6 Qg7 31.
Bf7+ $18) 30. Qxg6+ Rg7 (30... Qg7 31. Qe6+) (30... Kh8 31. Qf6+ Rg7 32. Qh6+ {
-30...Rg7}) 31. Qh7+ 1-0

[Event "Tiraspol"]
[Site "Tiraspol"]
[Date "1994.??.??"]
[Round "5"]
[White "Geller, Efim P"]
[Black "Nevednichy, Vladislav"]
[Result "1/2-1/2"]
[WhiteElo "2490"]
[BlackElo "2480"]
[Annotator "Stohl,I"]
[PlyCount "58"]
[EventDate "1994.??.??"]
[EventType "tourn"]
[EventRounds "9"]
[EventCountry "MDA"]
[EventCategory "10"]
[SourceTitle "CBM 040"]
[Source "ChessBase"]
[SourceDate "1994.06.01"]
[SourceVersion "1"]
[SourceVersionDate "1994.06.01"]
[SourceQuality "1"]

1. e4 d6 2. d4 Nf6 3. Nc3 (3. f3 e5 4. dxe5 dxe5 5. Qxd8+ Kxd8 6. Bc4 Ke7 $5
$146 7. Be3 Be6 8. Na3 (8. Nd2 Nbd7 9. O-O-O a5 10. g4 Bxc4 11. Nxc4 b5 12. Nd2
Ke6 13. Ne2 $10 {1/2:1/2/Saltaev,M-Titov,G/Tiraspol/1994/}) 8... Bxc4 9. Nxc4
Nc6 10. a4 Ke6 11. Nh3 h6 12. c3 a6 13. Nf2 Be7 14. a5 Rad8 15. Ke2 Nd7 16. g4
h5 17. g5 f5 18. gxf6 gxf6 19. Rhg1 Rdg8 20. Nd3 f5 21. exf5+ Kxf5 22. Rad1 Ke6
$10 {Ionescu,Co-Nevednichy,V/Bucharest Ciocaltea/1994/}) 3... e5 4. dxe5 (4.
Nf3 $14 {()-C41}) 4... dxe5 5. Qxd8+ Kxd8 6. Nf3 Bd6 7. Bc4 Ke7 (7... Be6 8.
Bxe6 fxe6 9. Be3 Nc6 (9... Ke7 10. Nd2 a6 11. f3 Nc6 12. Ne2 Nb4 $6 13. Kd1 Nc6
14. a3 Rhd8 15. Nc1 Kf7 16. Nd3 Nd7 17. c3 Be7 18. Ke2 Nf8 19. Rhd1 Ng6 20. b4
h6 21. g3 $14 {Minasian,A-Maljutin,E/Candas op/1992/}) 10. Nd2 Ke7 11. a3 h6
12. f3 Nd7 13. Nc4 Bc5 14. Bd2 Nb6 15. Nxb6 axb6 16. Nb5 Nd4 17. Nxd4 Bxd4 18.
Rb1 b5 19. Ke2 Rad8 20. Bb4+ Kf7 21. Rhd1 Bb6 $10 {Maljutin,E-Sokolov,A/
Jurmala/1991/}) 8. Bg5 c6 $5 (8... Be6 9. Nd5+ Bxd5 10. Bxd5 c6 11. Bb3 h6 12.
Bxf6+ Kxf6 13. O-O-O Rd8 14. Rd3 Be7 15. Rhd1 Rxd3 16. Rxd3 g6 17. Nd2 Kg7 18.
Nc4 Bg5+ 19. Kd1 Na6 20. Nxe5 Nc5 21. Rf3 f6 $10 {Gulko,B-Cifuentes Parada,R/
Novi Sad olm/1990/}) 9. O-O-O Bc7 (9... Be6 $6 10. Bxe6 Kxe6 11. Bxf6 gxf6 12.
Nh4 Na6 13. Nf5 Rad8 14. Rd3 $36 {Yasseen,A-Al Mansouri,A/Doha op/1992/}) 10.
Nh4 (10. a4 Bg4 $5 {/\Nbd7=}) 10... h6 11. Be3 (11. Nf5+ Bxf5 12. Bxf6+ gxf6 $5
13. exf5 b5 14. Bb3 Na6 $10) 11... Bb6 $1 $146 (11... b6 $6 12. Rhe1 g6 13. f4
$1 Nbd7 14. g3 a5 15. a4 Ba6 16. Ba2 Rad8 17. f5 g5 18. Nf3 Nc5 19. Nd2 Nb7 20.
Bc4 Rxd2 21. Bxa6 Rxd1+ 22. Rxd1 Nd6 23. Bd3 $14 {_|_^^(),Dobrovolsky,L-Hesse,
P/2.BLO 9192/1992/}) 12. Rhe1 g6 $10 (12... Be6 13. Nf5+ $5 $36) 13. Bxb6 axb6
14. f4 $5 b5 (14... exf4 $6 15. e5 Ng4 16. e6 $16) (14... Nbd7 15. Nf3 b5 $5
16. Bb3 b4 $132) 15. fxe5 bxc4 (15... Ng4 $6 16. Bxb5 $1 (16. Bb3 Nxe5 17. Nf3
Nbd7 $13) 16... cxb5 17. Nd5+ Kf8 18. Nb6 Rxa2 19. Nxc8 Ra1+ 20. Kd2 Rxd1+ 21.
Rxd1 Nxe5 22. Nd6 $36) 16. exf6+ Kxf6 17. Nf3 Ke7 18. Ne5 Be6 19. Nd5+ $5 (19.
Rd4 b5 20. a3 Rd8 $10) 19... cxd5 20. exd5 Rxa2 (20... Bf5 $2 21. Nxg6+ Kf6 22.
Nxh8 Nd7 23. Rf1 $18) 21. Kb1 (21. dxe6 Ra1+ 22. Kd2 Rd8+ 23. Ke2 Raxd1 24.
Rxd1 Rxd1 25. Kxd1 Kxe6 26. Nxc4 Nc6 $10) 21... Ra6 $1 $8 22. dxe6 Rxe6 23.
Nxc4 Nc6 24. Rxe6+ Kxe6 25. Re1+ Kd5 $5 26. b3 Rd8 27. c3 Kc5 28. Kc2 Rd5 (
28... b5 $10) 29. Nb2 Rh5 (29... Rh5 30. h3 Kd6 $10) 1/2-1/2

[Event "Nikolaev zt"]
[Site "Nikolaev"]
[Date "1993.??.??"]
[Round "?"]
[White "Moskalenko, Viktor"]
[Black "Bologan, Viktor"]
[Result "1/2-1/2"]
[WhiteElo "2555"]
[BlackElo "2520"]
[Annotator "Stohl,I"]
[PlyCount "98"]
[EventDate "1993.03.??"]
[EventType "swiss"]
[EventRounds "11"]
[EventCountry "RUS"]
[SourceTitle "CBM 035"]
[Source "ChessBase"]
[SourceDate "1993.08.01"]
[SourceVersion "1"]
[SourceVersionDate "1993.08.01"]
[SourceQuality "1"]

1. d4 d6 2. e4 Nf6 3. Nc3 e5 4. dxe5 dxe5 5. Qxd8+ Kxd8 6. Bg5 Be6 7. f4 (7.
O-O-O+ Nbd7 8. g3 (8. Nd5 $6 Kc8 9. f3 c6 10. Ne3 Bc5 11. Nc4 b5 12. Na5 Kc7
13. Nb3 Bb6 14. Kb1 a5 15. Bd3 Ne8 16. Ne2 f6 17. Bc1 Nd6 $36 {Rigo,J-Shirazi,
K/New York op/1993/}) 8... Kc8 9. f4 h6 10. f5 hxg5 11. fxe6 fxe6 12. Bc4 g4 $1
13. Bxe6 c6 14. Nge2 Kc7 15. h3 {0,5/Kiselev,S-Moldovan,D/Bucharest/1993/})
7... exf4 8. O-O-O+ Nbd7 9. Nf3 h6 (9... Kc8 $5 10. Bxf4 Nh5 11. Bd2 Nhf6 12.
Ng5 Ng4 13. Nxe6 fxe6 14. Re1 {0,5/Van der Wiel,J-Azmaiparashvili,Z/Wijk/1993/}
) 10. Bxf4 c6 11. Ne5 Bb4 12. Bc4 Bxc3 {N} (12... Ke7 13. Bxe6 Kxe6 14. Nxd7
Nxd7 15. Ne2 Bc5 16. Nd4+ Bxd4 17. Rxd4 f6 18. Rhd1 Nb6 19. a4 Rae8 20. a5 Nc8
21. Rc4 a6 22. Rd3 $36 {Cander,M-Adler,J/Bled/1993/}) 13. bxc3 Ke7 14. Bxe6
Nxe5 (14... Kxe6 $142 $5 15. Nxd7 (15. Nf3 Nxe4 16. Rhe1 (16. Nd4+ Kf6 $15)
16... Ndc5 17. Re3) 15... Nxd7 16. Rd4 Nb6 $13) 15. Bf5 Nfd7 (15... Nc4 $5 16.
Rd4 b5 17. Bc7 g6 18. Bh3 a5 $13) 16. Rd4 f6 17. Bxd7 $1 Nxd7 18. Rhd1 $36 Nb6
19. Bc7 $1 {<->d} Rhe8 20. c4 (20. Bxb6 axb6 21. Rd7+ Kf8 22. Rxb7 Re7 $1 $8
23. Rxb6 Rxe4 $14) 20... c5 $5 21. Bd6+ Kf7 22. Bxc5 Rac8 23. Bxb6 axb6 24.
R1d3 $14 Rc6 25. Kb2 g5 26. Rd7+ Re7 27. Rxe7+ (27. Kb3 $142 $5 $14) 27... Kxe7
28. Kc3 b5 $5 29. Rd4 Ke6 30. Kd3 (30. Kb3 $1 bxc4+ 31. Rxc4 Rd6 (31... Rb6+
32. Rb4 Rxb4+ 33. Kxb4 Ke5 34. Kb5 Kxe4 35. Kb6 (35. g4 f5 36. gxf5 Kxf5 37.
Kb6 g4 38. Kxb7 h5 39. c4 h4 40. c5 g3 41. hxg3 hxg3 42. c6 g2 43. c7 g1=Q 44.
c8=Q+ $14) 35... f5 36. Kxb7 f4 37. a4 g4 38. a5 f3 39. gxf3+ gxf3 40. a6 f2
41. a7 f1=Q 42. a8=Q $14) 32. Rb4 $14) 30... bxc4+ 31. Rxc4 Rb6 $1 32. a4 Rb1
33. Rc7 (33. Kc3 Ke5 $44) 33... Ra1 34. Rxb7 Rxa4 $132 35. Rh7 (35. c4 $2 Ra2
$10) 35... Ke5 36. Rxh6 Rd4+ (36... Rxe4 $2 37. Rxf6 Rd4+ 38. Kc3 $18) 37. Kc3
Rxe4 38. g3 (38. h3 $2 {/\g4} Re3+ {/\Rg3}) (38. Kb3 Re2 39. g3 f5 $44) 38...
Ra4 39. Kb3 Ra8 40. c4 (40. g4 Rb8+ 41. Kc3 Rc8+ 42. Kd3 Rd8+ $10) 40... f5 41.
c5 (41. Rh5 $5 Kf6 $132 {/\f4}) 41... f4 $10 42. gxf4+ gxf4 43. Rh7 Rf8 44. Kc4
f3 45. Re7+ Kf4 46. Re1 f2 47. Rf1 Ke3 48. c6 Ke2 49. Rxf2+ Kxf2 (49... Kxf2
50. Kd5 Kg2 51. c7 Kxh2 52. Kc6 $10 {[Stohl]}) 1/2-1/2